| 000 | 00739naa a22002177i 4500 | ||
|---|---|---|---|
| 001 | 232910 | ||
| 003 | ES-MaBCM | ||
| 005 | 20260415143035.0 | ||
| 008 | 260415s2026 fr ||||| |||| 00| 0 fre d | ||
| 040 | _cES-MaBCM | ||
| 100 | 1 |
_aRobustelli, Ludovica _9131360 |
|
| 245 | 1 | 2 |
_aL'evolution du droit de la protection des données personnelles _cLudovica Robustelli |
| 504 | _aIncluye referencias bibliográficas | ||
| 650 | 7 |
_aProtección de datos _959953 |
|
| 650 | 7 |
_aCiencia jurídica _958276 |
|
| 650 | 0 |
_aPlataforma digital _9127396 |
|
| 650 | 0 |
_aBig data _9124899 |
|
| 650 | 7 |
_aComercialización _957962 |
|
| 773 | 0 |
_dParis _gN. 695 (févr. 2026), p. 120-128 - Loc. S.304 _tRevue de l'Union Européenne _w182585 |
|
| 942 |
_2udc _cAREV |
||
| 999 |
_c232910 _d232910 |
||